Evaluation of tests of fetal well being in pregnent women with reduced fetal movements (Record no. 883987)

MARC details
000 -LEADER
fixed length control field 00956nam a2200265Ia 4500
003 - CONTROL NUMBER IDENTIFIER
control field OSt
005 - DATE AND TIME OF LATEST TRANSACTION
control field 20220930092549.0
008 - FIXED-LENGTH DATA ELEMENTS--GENERAL INFORMATION
fixed length control field 220926b |||||||| |||| 00| 0 eng d
037 ## - SOURCE OF ACQUISITION
Terms of availability Theses
040 ## - CATALOGING SOURCE
Original cataloging agency CRL
Transcribing agency CRL
Language of cataloging eng
041 ## - LANGUAGE CODE
Source of code eng
Language code of text/sound track or separate title eng
100 ## - MAIN ENTRY--PERSONAL NAME
Personal name Sulekha Kumari
9 (RLIN) 549132
110 ## - MAIN ENTRY--CORPORATE NAME
Corporate name or jurisdiction name as entry element University of Delhi. Faculty of Medical Scicences. Department of Obstetrics and Gynaecology
9 (RLIN) 549133
245 #0 - TITLE STATEMENT
Title Evaluation of tests of fetal well being in pregnent women with reduced fetal movements
260 ## - PUBLICATION, DISTRIBUTION, ETC.
Date of publication, distribution, etc. 2015
650 ## - SUBJECT ADDED ENTRY--TOPICAL TERM
Topical term or geographic name entry element WOMEN - DISEASES
700 ## - ADDED ENTRY--PERSONAL NAME
Personal name Dr. Abha Sing Gu.
9 (RLIN) 549134
700 ## - ADDED ENTRY--PERSONAL NAME
Personal name Dr. Sushma Nangia and others Gu.
9 (RLIN) 549135
700 ## - ADDED ENTRY--PERSONAL NAME
Personal name University of Delhi. Faculty of Medical Scicences. Department of Obstetrics and Gynaecology
9 (RLIN) 549136
942 ## - ADDED ENTRY ELEMENTS (KOHA)
Koha item type Dissertations
Source of classification or shelving scheme Colon Classification (CC)
Holdings
Withdrawn status Lost status Damaged status Not for loan Home library Current library Date acquired Total Checkouts Barcode Date last seen Price effective from Koha item type
        Central Library Central Library 2022-09-30   TH0021798 2022-09-30 2022-09-30 Thesis
Copyright @ Delhi University Library System